Espacios naturales protegidos
Gorde:
| Formatua: | Liburua |
|---|---|
| Hizkuntza: | gaztelania |
| Argitaratua: |
Madrid
Boletín Oficial del Estado
1986
|
| Saila: | Textos legales, 73
|
| Gaiak: | |
| Etiketak: |
Etiketa erantsi
Etiketarik gabe, Izan zaitez lehena erregistro honi etiketa jartzen!
|
MARC
| LEADER | 00000nam a2200000 a 4500 | ||
|---|---|---|---|
| 001 | UCX9956 | ||
| 003 | CL-VaPUC | ||
| 008 | 940704e19860000SP |||||||||||||||||spa|d | ||
| 082 | 0 | 4 | |a 344.046 |b ESP |2 21 |
| 245 | 1 | 0 | |a Espacios naturales protegidos |
| 300 | |a 587 p | ||
| 942 | |c BK | ||
| 945 | |d 19940704 00:00:00 |a aalvarez | ||
| 260 | |a Madrid |b Boletín Oficial del Estado |c 1986 | ||
| 650 | 0 | |a Protección del medio ambiente |9 257626 | |
| 651 | 0 | |a España |9 254926 | |
| 583 | |a last modification |c 19940704 00:00:00 |k Rodrigo Vera | ||
| 490 | 0 | |a Textos legales, 73 | |
| 999 | |c 229063 |d 229061 | ||
| 952 | |0 0 |1 0 |4 0 |6 344_046000000000000_ESP_1986 |7 0 |8 A |9 229610 |a BIBDER |b BIBDER |d 2019-11-15 |i 2984040 |o 344.046 ESP 1986 |p 2984040 |r 2023-01-25 |w 2019-11-15 |y BK |k DER | ||